The victory life. (Record no. 12685)

000 -LEADER
fixed length control field 00541nam a2200181 a 4500
001 - CONTROL NUMBER
control field :::00010499$&:&@@
003 - CONTROL NUMBER IDENTIFIER
control field OkBaRHE
005 - DATE AND TIME OF LATEST TRANSACTION
control field 20000607103359.0
008 - FIXED-LENGTH DATA ELEMENTS--GENERAL INFORMATION
fixed length control field s1904 j 000 0 eng u
040 ## - CATALOGING SOURCE
Transcribing agency
100 1# - MAIN ENTRY--PERSONAL NAME
Personal name Mahood, John Wilmot.
245 14 - TITLE STATEMENT
Title The victory life.
260 ## - PUBLICATION, DISTRIBUTION, ETC. (IMPRINT)
Place of publication, distribution, etc Grand Rapids, MI., :
Name of publisher, distributor, etc Zondervan Publishing House
Date of publication, distribution, etc c1904
300 ## - PHYSICAL DESCRIPTION
Extent 120 p. ;
Dimensions 20 cm.
650 ## - SUBJECT ADDED ENTRY--TOPICAL TERM
Topical term or geographic name as entry element Christian Life
942 ## - ADDED ENTRY ELEMENTS (KOHA)
Source of classification or shelving scheme
Koha item type Books
Copies
Full call number Damaged status Price effective from Permanent Location Source of classification or shelving scheme Withdrawn status Not for loan Date last seen Shelving location Date acquired Koha item type Copy number Lost status Barcode
BV 4501 .M34 2010-04-14RHEMA Bible Training College   2010-04-14General Stacks2010-04-14Books1 10499